| 000 | 00000nam 2200000zi 4500 |
| 001 | 9.931870 |
| 003 | CaOODSP |
| 005 | 20241118145834 |
| 006 | m o d f |
| 007 | cr |n||||||||| |
| 008 | 231229e19921215qucb ob f|0| 0 fre d |
| 040 | |aCaOODSP|bfre|erda|cCaOODSP |
| 043 | |an-cn-qu |
| 086 | 1 |aCW66-1446/1992F-PDF |
| 100 | 1 |aGiroux, Jean-François, |eauteur. |
| 245 | 10|aEffet du contrôle de prédateurs sur la nidification des canards à la Réserve nationale de faune des Iles de Contrecoeur / |cpar Jean-François Giroux, Micheline Caron, Martin Picard & Suzanne Carrière. |
| 264 | 1|a[Sainte-Foy, Québec] : |bEnvironnement Canada, Service canadien de la faune = Environment Canada, Canadian Wildlife Service, |c15 décembre 1992. |
| 300 | |a1 ressource en ligne (vii, 36 pages) : |bcarte |
| 336 | |atexte|btxt|2rdacontent/fre |
| 337 | |ainformatique|bc|2rdamedia/fre |
| 338 | |aressource en ligne|bcr|2rdacarrier/fre |
| 500 | |aÉdition numérisée de l’imprimé [par Environnement et changement climatique Canada]. |
| 504 | |aComprend des références bibliographiques. |
| 650 | 0|aPredatory animals|xControl|zQuébec (Province) |
| 650 | 0|aDucks|xNests|zQuébec (Province) |
| 650 | 6|aPrédateurs|xLutte contre|zQuébec (Province) |
| 650 | 6|aCanards|xNids|zQuébec (Province) |
| 651 | 0|aÎles de Contrecoeur National Wildlife Area (Québec) |
| 651 | 6|aRéserve nationale de faune des Îles-de-Contrecoeur (Québec) |
| 710 | 1 |aCanada. |bEnvironnement Canada, |eorganisme de publication. |
| 710 | 2 |aService canadien de la faune, |eorganisme de publication. |
| 856 | 40|qPDF|s2.00 Mo|uhttps://publications.gc.ca/collections/collection_2024/eccc/cw66/CW66-1446-1992-fra.pdf |